| 000 | 00884nam a2200301Ia 4500 | ||
|---|---|---|---|
| 003 | OSt | ||
| 005 | 20221007123446.0 | ||
| 006 | a|||||r|||| 00| 0 | ||
| 007 | ta | ||
| 008 | 221006b |||||||| |||| 00| 0 eng d | ||
| 020 | _a1560329920 (hbd) | ||
| 024 | _a1817 | ||
| 037 | _cTextual | ||
| 040 |
_aPAPL _cPAPL _beng |
||
| 041 |
_2eng _aeng |
||
| 082 | _aC211-4:7, P3 Carpa | ||
| 100 |
_aGaskell David R. _9715109 |
||
| 245 | 0 | _aIntroduction to the thermodynamics of materials | |
| 250 | _a4 | ||
| 260 |
_aNew _bYork Taylor & Francis _c2003 |
||
| 300 |
_axv, 618p. Includes CD-ROM _ccm. |
||
| 500 | _aAppendix A-C, 581-597p; Index 615-618p | ||
| 650 | _a Thermodynamics | ||
| 650 |
_a Thremal properties _9717254 |
||
| 650 |
_aMetallurgy _9522398 |
||
| 942 |
_hC211-4:7, P3 Carpa _cTEXL _2CC |
||
| 999 |
_c1211927 _d1211927 |
||